000 02083cam a2200337 a 4500
001 15220737
005 20080903144605.0
008 080314s2008 enka b 001 0 eng
010 _a 2008011583
020 _a0199230099 (pbk.)
020 _a9780199230082 (hbk.)
020 _a9780199230099 (pbk.)
035 _a(OCoLC)ocn213600352
035 _a(OCoLC)213600352
040 _aDLC
_cDLC
_dYDXCP
_dBTCTA
_dBAKER
_dBWKUK
_dBWK
_dDLC
050 0 0 _aJA71
_b.P6313 2008
082 0 0 _a320.01
_222
_bPOL
245 0 0 _aPolitical theory :
_bMethods and approaches /
_cEdited by David Leopold and Marc Stears.
260 _aOxford :
_bOxford University Press,
_cc2008.
300 _aix, 224 p. :
_bill. ;
_c25 cm.
504 _aIncludes bibliographical references and index.
505 0 _aIntroduction / David Leopold and Marc Stears -- Analytical political philosophy / Daniel McDermott -- Political philosophy for Earthlings / David Miller -- Political theory, social science, and real politics / Adam Swift and Stuart White -- Why be formal? / Iwao Hirose -- Recognition as fact and norm : the method of critique / Lois McNay -- Dialectical approaches / David Leopold -- Political theory and history / Mark Philp -- Using archival sources to theorize about politics / Sudhir Hazareesingh and Karma Nabulsi -- Political theory and the boundaries of politics / Elizabeth Frazer -- Thinking politically and thinking about politics : language, interpretation, and ideology / Michael Freeden.
650 0 _aPolitical science
_xPhilosophy.
_94707
650 0 _aPolitical science
_xMethodology.
_94708
650 0 _aPolitical science
_xResearch.
_94709
700 1 _aLeopold, David.
_94710
700 1 _aStears, Marc.
_94711
942 _2ddc
_cBB
999 _c11523
_d11523